| 000 | 00728nam a2200289Ia 4500 | ||
|---|---|---|---|
| 008 | 160803s9999 xx 000 0 und d | ||
| 020 | _a9780545468220 | ||
| 100 | _aO'Neal Eilis | ||
| 245 | 4 | _aThe false princess / | |
| 245 | _cEilis O'Neal. | ||
| 260 | _aNew York : | ||
| 260 | _bScholastic Inc. | ||
| 260 | _c2011 | ||
| 300 | _a319 pages ; | ||
| 300 | _c22 cm | ||
| 650 | _aConspiracies -- | ||
| 650 | _aIdentity (Philosophical concept) -- | ||
| 650 | _aMagic -- | ||
| 650 | _aPrincesses -- | ||
| 650 | _aWizards -- | ||
| 650 | _xJuvenile fiction. | ||
| 650 | _xJuvenile fiction. | ||
| 650 | _xJuvenile fiction. | ||
| 650 | _xJuvenile fiction. | ||
| 650 | _xJuvenile fiction. | ||
| 700 | _a860 | ||
| 999 |
_c299802 _d299802 |
||